[Event "HUN-chT 2018-19"]
[Site "Szombathely"]
[Date "2019.04.28"]
[Round "9.41"]
[White "Szuk, Balazs"]
[Black "Kopasz, Robert"]
[Result "1/2-1/2"]
[WhiteElo "2357"]
[BlackElo "2320"]
[Annotator "TA"]
[PlyCount "38"]
[EventDate "2018.11.16"]
[EventType "team-tourn"]
[EventCountry "HUN"]
[SourceTitle "playchess.com"]
[Source "ChessBase"]
[SourceQuality "1"]

{[%evp 16,38,30,35,49,-19,25,0,0,9,137,147,156,107,150,144,156,87,87,87,95,74,89,102,85]} 1. e4 e5 2. Nf3 Nc6 3. Nc3 d6 4. d4 exd4 5. Nxd4 Nf6 6. Nxc6 bxc6 7. Bd3 Be7 8. O-O O-O 9. f4 d5 {C45: Scotch Game} (9... Nd7 10. Be3 Re8 11. Qd2 Bf8 12. Rae1 a5 13. b3 Ba6 14. Bxa6 Rxa6 15. a4 Qb8 16. Qd3 Ra8 17. e5 Qb4 18. Ne4 {0-1 (52) Sethuraman,S (2646)-Bu,X (2730) Riadh 2017}) 10. Qf3 $146 ({White should try} 10. e5 $14) ({Predecessor:} 10. e5 Bc5+ 11. Kh1 Ng4 12. Qe1 f6 13. h3 Nf2+ 14. Rxf2 Bxf2 15. Qxf2 fxe5 16. Qc5 Qh4 17. Qxc6 Bxh3 18. gxh3 Qxh3+ {1-0 (54) Dzhumaev,M (2465)-Mista,A (2593) Sharjah 2016}) 10... Rb8 11. e5 Ng4 $1 {The position is equal.} 12. Kh1 f5 (12... f6 $11 {keeps the balance.}) 13. h3 $16 Nh6 14. Rd1 Be6 15. b3 Kh8 16. Ne2 ({White should play} 16. Na4) 16... c5 {White is better.} 17. c3 c6 18. Be3 Rg8 19. Qf2 Qf8 {Accuracy: White = 22%, Black = 29%.} 1/2-1/2

[Event "HUN-chT 2018-19"]
[Site "Szombathely"]
[Date "2019.04.28"]
[Round "9.42"]
[White "Tubak, Daniel"]
[Black "Bakos, Balazs"]
[Result "1/2-1/2"]
[WhiteElo "2244"]
[BlackElo "2419"]
[Annotator "TA"]
[PlyCount "59"]
[EventDate "2018.11.16"]
[EventType "team-tourn"]
[EventCountry "HUN"]
[SourceTitle "playchess.com"]
[Source "ChessBase"]
[SourceQuality "1"]

{[%evp 13,59,0,0,0,0,8,6,8,25,0,0,-1,0,6,15,6,12,-12,-21,-16,-10,-6,-7,-7,-16,-23,-9,-23,0,0,22,20,19,24,23,11,16,18,10,10,11,11,10,14,12,11,22,25]} 1. e4 c6 2. d4 d5 3. Nc3 dxe4 4. Nxe4 Bf5 5. Ng3 Bg6 6. N1e2 Nf6 7. Nf4 e5 8. dxe5 {B18: Classical Caro-Kann: 4...Bf5 sidelines} Qa5+ {[%mdl 64] [#] Double Attack} 9. c3 Qxe5+ 10. Qe2 Nbd7 11. Nxg6 (11. Qxe5+ {feels hotter.} Nxe5 12. Be3 Bd6 13. O-O-O Bc7 14. Be2) 11... hxg6 12. Bf4 $132 {[%mdl 2048] White is not keeping still} Qxe2+ 13. Bxe2 Nd5 14. Bd2 N7f6 {[#]} 15. c4 $146 ({Predecessor:} 15. Bf3 O-O-O 16. O-O-O Bc5 17. Bxd5 Nxd5 18. Ne4 Bb6 19. c4 Rh4 20. cxd5 Rxe4 21. dxc6 Rc4+ {½-½ (21) Tiviakov,S (2674)-Ivanchuk,V (2703) Kallithea 2009}) 15... Nb4 {[#] ...Nc2+ is the strong threat.} 16. O-O O-O-O 17. Bc3 Bc5 18. a3 Nc2 19. Rac1 Nd4 20. Bd1 Bd6 21. Re1 Ne6 22. Bc2 Bf4 23. Rcd1 Rxd1 24. Rxd1 Rd8 {The position is equal.} 25. Rxd8+ Kxd8 26. Ne2 Bd6 27. Nd4 Nxd4 28. Bxd4 c5 29. Bc3 Ke7 30. h3 {Accuracy: White = 68%, Black = 55%.} 1/2-1/2

[Event "HUN-chT 2018-19"]
[Site "Szombathely"]
[Date "2019.04.28"]
[Round "9.43"]
[White "Fogarasi, Tibor"]
[Black "Kelemen, David"]
[Result "0-1"]
[WhiteElo "2382"]
[BlackElo "2154"]
[Annotator "TA"]
[PlyCount "64"]
[EventDate "2018.11.16"]
[EventType "team-tourn"]
[EventCountry "HUN"]
[SourceTitle "playchess.com"]
[Source "ChessBase"]
[SourceQuality "1"]

{[%evp 13,64,16,27,16,21,6,7,0,-16,-29,-17,-33,-22,-58,-49,-98,-111,-104,-91,-119,-25,-123,-130,-134,-131,-125,-131,-190,-200,-328,-330,-318,-252,-246,-241,-224,-240,-227,-160,-233,-239,-233,-225,-245,-243,-244,-232,-310,-310,-326,-312,-288,-290]} 1. d4 Nf6 2. Nf3 g6 3. g3 Bg7 4. Bg2 O-O 5. O-O d6 6. Re1 c5 7. dxc5 dxc5 8. Qxd8 {A49: 1 d4 Nf6 2 Nf3 g6 3 g3: Anti-King's Indian systems} Rxd8 9. c3 Be6 (9... Nc6 10. Be3 c4 11. Na3 Nd5 12. Nxc4 b5 13. Ncd2 Nxe3 14. fxe3 Bh6 15. Kf2 e5 {½-½ (40) Artemiev,V (2704)-Ponkratov,P (2601) Sochi 2018}) 10. Be3 {The position is equal.} Nbd7 {[%cal Bb8d7,Bd7e5,Be5d3][%mdl 32]} 11. Na3 Nd5 $146 ({Predecessor:} 11... h6 12. h4 a6 13. Red1 Nd5 14. Bd2 b5 15. Nc2 Rac8 {0-1 (41) Kochetkov,V (2364)-Pavlov,S (2368) Kiev 2005}) 12. Bd2 h6 13. e4 N5b6 14. Nb5 Ne5 $36 {[%mdl 2048] [#] ...Nxf3+ is the strong threat. White is under strong pressure.} 15. Be3 Nd3 16. Reb1 Bc4 (16... Rac8 $17 {White must now prevent ...a6.} 17. Nxa7 Ra8) 17. Na3 (17. a4 $1 $11) 17... Ba6 $17 18. Ne1 {[#]} Na4 $1 19. Nxd3 Bxd3 20. Re1 (20. f4 $17) 20... Nxb2 $19 21. Bxc5 (21. Rac1 $142) 21... Bxc3 22. Bxe7 Bxe1 23. Rxe1 Rd7 24. Bf6 Nc4 25. Nb5 Nd6 26. Nxd6 (26. Nc3 $17) 26... Rxd6 27. e5 Rb6 28. h4 Rb1 29. Rxb1 Bxb1 30. Bxb7 Rb8 {Black has a decisive advantage.} 31. Bd5 Rb5 32. Bb3 Bf5 {Accuracy: White = 32%, Black = 75%.} 0-1

[Event "HUN-chT 2018-19"]
[Site "Szombathely"]
[Date "2019.04.28"]
[Round "9.44"]
[White "Pap, Peter"]
[Black "Gara, Anita"]
[Result "0-1"]
[WhiteElo "2117"]
[BlackElo "2370"]
[Annotator "TA"]
[PlyCount "120"]
[EventDate "2018.11.16"]
[EventType "team-tourn"]
[EventCountry "HUN"]
[SourceTitle "playchess.com"]
[Source "ChessBase"]
[SourceQuality "1"]

{[%evp 9,120,-4,-4,0,0,0,17,0,15,-12,-16,-25,-17,-19,-18,-28,-25,-31,-16,-8,-7,-10,14,0,20,0,0,-14,0,0,0,0,0,0,0,0,18,16,28,-14,-8,-8,-8,-19,0,0,0,0,0,0,12,20,38,0,0,0,3,0,0,0,0,0,0,0,10,0,0,0,0,0,0,0,0,0,0,0,0,0,0,-235,-228,-251,-237,-236,-234,-150,-95,-652,-599,-499,-483,-695,-564,-2508,-814,-5700,-5297,-5484,-5193,-5185,-4540,-2739,-2055,-29972,-29973,-29973,-29974,-29972,-29971,-29982,-29974,-29989,-29990]} 1. e4 c5 2. Nf3 d6 3. c3 Nf6 4. Bd3 Nc6 5. h3 d5 6. exd5 {B50: Sicilian: 2...d6, Miscellaneous} (6. e5 Nd7 7. Qe2 e6 8. O-O Qc7 9. Bb5 a6 10. Bxc6 Qxc6 11. d4 Be7 12. Bg5 Bxg5 13. Nxg5 h6 14. Nf3 b6 15. Nbd2 {½-½ (29) Safarli,E (2676)-Kryakvin,D (2595) Hoogeveen 2018}) 6... Qxd5 7. Qe2 Qe6 8. Na3 {The position is equal.} Qxe2+ 9. Kxe2 (9. Bxe2 {with more complications.} Bf5 10. O-O Rd8 11. Bb5 Bd7 12. d3) 9... e6 10. Nc4 $146 ({Predecessor:} 10. Bc2 Nd5 11. Rd1 Be7 12. d4 cxd4 13. Nb5 dxc3 14. Rxd5 exd5 {½-½ (22) Comes Dumoulin,R (2109)-Boehme,S (2332) FICGS email 2010}) 10... Nd5 {Hoping for ...Nf4+.} 11. g3 Be7 12. Nfe5 Nxe5 13. Nxe5 O-O 14. Be4 f6 15. Nc4 {[%cal Be5c4,Bc4a5,Ba5b7,Bb7d6][%mdl 32]} Bd7 16. d3 Rad8 17. Bd2 b5 18. Na5 f5 19. Bf3 Bf6 20. Nb7 Rc8 21. Nd6 Rb8 22. Nxf5 Nxc3+ (22... b4 {feels hotter.} 23. Rab1 bxc3 24. bxc3 Nxc3+ 25. Bxc3 Bxc3 26. Ne7+ Kf7) 23. Bxc3 exf5 24. Bxf6 Rxf6 25. Rac1 Rc8 26. Rhd1 f4 27. g4 Rh6 28. Rh1 g5 29. Bb7 Re8+ (29... Rc7 $5 {[%cal Rc7b7]} 30. Be4 Bc6 $11) 30. Kf3 Re5 31. Kg2 (31. h4 $5) 31... Rd6 32. Rhe1 Rde6 33. Rxe5 (33. Be4 {looks sharper.} Kf7 34. f3 b4 35. Rc2 Ra6 36. b3) 33... Rxe5 $11 {[%mdl 4096] Endgame KRB-KRB} 34. Be4 h6 35. Kf3 Be6 36. a3 Bb3 37. Re1 {[#] Black must now prevent Bh7+!} Kf8 38. Ke2 Ke7 39. Kd2 a5 40. f3 Kd6 41. h4 Bd5 42. hxg5 hxg5 43. Rh1 c4 44. d4 $2 (44. Rh8 $11 {and White is okay.} cxd3 45. Rd8+ Ke6 46. Bxd5+ Rxd5 47. Rxd5 Kxd5 48. Kxd3) 44... Re6 $19 45. Rh5 Bxe4 46. fxe4 Rxe4 {And now ...f3 would win.} 47. Rxg5 Rxd4+ {KR-KR} 48. Kc2 $2 {[%mdl 8192]} (48. Ke2 $17) 48... Rd5 49. Rg8 Ke7 50. Rc8 (50. Rh8 $142 Kf6 51. Rg8) 50... f3 {[#] ( -> ...f2)} 51. Rc7+ Ke6 (51... Kf6 $142 52. Rh7 Rd4) 52. Rc8 Ke5 53. g5 Kf4 54. g6 Rg5 55. Kd2 Rxg6 56. Ke1 Rg1+ {Black mates.} 57. Kf2 Rg2+ 58. Kf1 Rxb2 59. a4 b4 60. Rxc4+ Kg3 {Accuracy: White = 46%, Black = 63%.} 0-1

[Event "HUN-chT 2018-19"]
[Site "Szombathely"]
[Date "2019.04.28"]
[Round "9.45"]
[White "Szeberenyi, Adam"]
[Black "Bernath, Robert"]
[Result "1-0"]
[WhiteElo "2377"]
[BlackElo "2077"]
[Annotator "NA RC"]
[PlyCount "61"]
[EventDate "2018.11.16"]
[EventType "team-tourn"]
[EventCountry "HUN"]
[SourceTitle "playchess.com"]
[Source "ChessBase"]
[SourceQuality "1"]

1. d4 Nf6 2. Nf3 d5 3. Bf4 c5 4. e3 Nc6 5. c3 Qb6 6. Qb3 c4 7. Qc2 Bf5 8. Qc1 e6 9. Nbd2 Be7 10. Nh4 Bg6 11. Nxg6 hxg6 12. e4 dxe4 13. Nxc4 Qd8 14. Ne5 Nd5 15. Bb5 Rc8 16. Nxc6 bxc6 17. Ba6 Nxf4 18. Qxf4 Rb8 19. b4 f5 20. Bc4 Bd6 21. Qd2 Qf6 22. g3 f4 23. O-O-O O-O 24. Rde1 e3 25. fxe3 fxg3 26. hxg3 Bxg3 27. Ref1 Qe7 28. Qg2 Qd6 29. Qe4 Rxf1+ 30. Rxf1 g5 31. Bxe6+ 1-0

[Event "HUN-chT 2018-19"]
[Site "Szombathely"]
[Date "2019.04.28"]
[Round "9.46"]
[White "Koszta, Benedek"]
[Black "Szamoskozi, Gabor"]
[Result "0-1"]
[WhiteElo "1905"]
[BlackElo "2257"]
[Annotator "NA"]
[PlyCount "66"]
[EventDate "2018.11.16"]
[EventType "team-tourn"]
[EventCountry "HUN"]
[SourceTitle "playchess.com"]
[Source "ChessBase"]
[SourceQuality "1"]

1. e4 c5 2. Nf3 Nc6 3. Bb5 g6 4. O-O Bg7 5. Re1 e5 6. b4 cxb4 7. a3 Nge7 8. Bb2 O-O 9. axb4 d6 10. Bxc6 Nxc6 11. b5 Nd4 12. Nxd4 exd4 13. c4 dxc3 14. Nxc3 Be6 15. d4 Qb6 16. d5 Bd7 17. Qd3 a6 18. Reb1 axb5 19. Na4 Qa7 20. Nc3 Qc5 21. h3 f5 22. Rc1 Rxa1 23. Rxa1 b4 24. Na4 Qa7 25. Nc3 Qxf2+ 26. Kxf2 fxe4+ 27. Ke3 exd3 28. Nd1 Re8+ 29. Kxd3 Bb5+ 30. Kc2 Bc4 31. Bxg7 Re2+ 32. Kc1 Kxg7 33. Ra7 Bxd5 0-1

[Event "HUN-chT 2018-19"]
[Site "Szombathely"]
[Date "2019.04.28"]
[Round "9.47"]
[White "Karacsonyi, Gellert"]
[Black "Valyi, Blanka Borbala"]
[Result "1-0"]
[WhiteElo "2135"]
[BlackElo "1852"]
[Annotator "NA"]
[PlyCount "127"]
[EventDate "2018.11.16"]
[EventType "team-tourn"]
[EventCountry "HUN"]
[SourceTitle "playchess.com"]
[Source "ChessBase"]
[SourceQuality "1"]

1. e4 d6 2. d4 Nf6 3. Nc3 g6 4. Bg5 Bg7 5. Qd2 h6 6. Bh4 c6 7. a4 Nbd7 8. f4 Qa5 9. Nf3 b5 10. b4 Qxb4 11. axb5 cxb5 12. Bxb5 O-O 13. O-O Nxe4 14. Nxe4 Qxb5 15. Bxe7 d5 16. Nd6 Qc6 17. Bxf8 Nxf8 18. Nxc8 Qxc8 19. Ra5 Qb7 20. Rfa1 Ne6 21. c3 Qc7 22. Ne5 Rc8 23. Rxd5 Qxc3 24. Qxc3 Rxc3 25. Rxa7 Rc2 26. g3 Rd2 27. Nf3 Bxd4+ 28. Rxd4 Rxd4 29. Nxd4 Nxd4 30. Kf2 h5 31. Ke3 Nf5+ 32. Ke4 Kg7 33. Ke5 Ne3 34. Kd6 Ng4 35. Ra2 Nf6 36. Ke7 Nd5+ 37. Kd8 Nf6 38. Ra7 Kf8 39. Rb7 Kg8 40. Ke7 Nd5+ 41. Kd6 Nf6 42. Rb2 Kf8 43. Ke5 Ng4+ 44. Kd4 Nf6 45. h3 Ke7 46. f5 g5 47. Rb8 g4 48. h4 Kd6 49. Rb6+ Ke7 50. Rb7+ Kf8 51. Ke5 Kg7 52. Ra7 Nh7 53. Ra6 Nf8 54. Rd6 Nh7 55. Ke4 Nf8 56. Kf4 Nh7 57. Rd4 Kf6 58. Rd6+ Kg7 59. Ra6 f6 60. Ra7+ Kg8 61. Rxh7 Kxh7 62. Ke4 Kg7 63. Kd5 Kf7 64. Ke4 1-0

[Event "HUN-chT 2018-19"]
[Site "Szombathely"]
[Date "2019.04.28"]
[Round "9.48"]
[White "Valyi, Adel"]
[Black "Meszaros, Matyas"]
[Result "0-1"]
[WhiteElo "1879"]
[BlackElo "2122"]
[Annotator "NA"]
[PlyCount "50"]
[EventDate "2018.11.16"]
[EventType "team-tourn"]
[EventCountry "HUN"]
[SourceTitle "playchess.com"]
[Source "ChessBase"]
[SourceQuality "1"]

1. e4 d5 2. exd5 Qxd5 3. Nc3 Qd6 4. d4 Nf6 5. f3 a6 6. Nge2 Nc6 7. a3 e5 8. dxe5 Qxd1+ 9. Nxd1 Nxe5 10. Bf4 Bd6 11. Ndc3 h6 12. O-O-O Bd7 13. Bg3 O-O-O 14. Nf4 Rhe8 15. Nfd5 Nxd5 16. Nxd5 Bc6 17. Bxe5 Rxe5 18. Nc3 Rg5 19. Rd4 Re8 20. Ne2 Rge5 21. Kd1 Bc5 22. Rf4 Rd8+ 23. Ke1 f5 24. h4 Be3 25. Rc4 Bb5 0-1

[Event "HUN-chT 2018-19"]
[Site "Szombathely"]
[Date "2019.04.28"]
[Round "9.49"]
[White "Mihok, Oliver"]
[Black "Gledura, Benjamin"]
[Result "1/2-1/2"]
[WhiteElo "2546"]
[BlackElo "2641"]
[Annotator "TA"]
[PlyCount "29"]
[EventDate "2018.11.16"]
[EventType "team-tourn"]
[EventCountry "HUN"]
[SourceTitle "playchess.com"]
[Source "ChessBase"]
[SourceQuality "1"]

{[%evp 27,29,0,27,0]} 1. e4 e5 2. Nf3 Nc6 3. Bb5 a6 4. Ba4 Nf6 5. O-O Be7 6. Re1 b5 7. Bb3 O-O $146 ({Predecessor:} 7... d6 8. c3 {½-½ (14) Rapport,R (2707)-Leko,P (2691) Riadh 2017}) 8. c3 d6 9. h3 Bb7 10. d4 Re8 11. Ng5 Rf8 12. Nf3 Re8 13. Ng5 Rf8 14. Nf3 Re8 15. Ng5 {C92: Closed Ruy Lopez: 9...Be6, Karpov and Flohr-Zaitsev Variations} 1/2-1/2

[Event "HUN-chT 2018-19"]
[Site "Szombathely"]
[Date "2019.04.28"]
[Round "9.50"]
[White "Nenezic, Marko"]
[Black "Popovic, Dusan"]
[Result "1/2-1/2"]
[WhiteElo "2521"]
[BlackElo "2510"]
[Annotator "TA"]
[PlyCount "36"]
[EventDate "2018.11.16"]
[EventType "team-tourn"]
[EventCountry "HUN"]
[SourceTitle "playchess.com"]
[Source "ChessBase"]
[SourceQuality "1"]

{[%evp 17,19,35,33,27]} 1. d4 g6 2. c4 Bg7 3. Nc3 Nf6 4. e4 O-O 5. Be2 d6 6. Nf3 e5 7. O-O Nbd7 8. Re1 c6 9. Bf1 a5 10. d5 {E96: King's Indian: Classical: 7...Nbd7 8 Re1 c6 9 Bf1 a5} (10. dxe5 dxe5 11. Na4 Qe7 12. Qc2 b6 13. Be3 Rb8 14. h3 Ba6 15. c5 Bxf1 16. Kxf1 b5 17. Nb6 Nxb6 18. cxb6 Rfc8 19. a4 Qe8 20. axb5 cxb5 {½-½ (28) Malakhov,V (2706)-Svidler,P (2754) Khanty-Mansiysk 2009}) {Predecessor:} 10... Nc5 $146 11. Bg5 h6 12. Bh4 g5 13. Bg3 cxd5 14. cxd5 Bg4 15. Rc1 Rc8 16. h3 Bh5 17. Bh2 g4 18. hxg4 Bxg4 {1-0 (41) Lenderman,A (2553)-Christiansen,L (2585) ICC INT 2010} 1/2-1/2

[Event "HUN-chT 2018-19"]
[Site "Szombathely"]
[Date "2019.04.28"]
[Round "9.51"]
[White "Sipos, Istvan"]
[Black "Roganovic, Milos"]
[Result "1/2-1/2"]
[WhiteElo "2492"]
[BlackElo "2510"]
[Annotator "TA"]
[PlyCount "28"]
[EventDate "2018.11.16"]
[EventType "team-tourn"]
[EventCountry "HUN"]
[SourceTitle "playchess.com"]
[Source "ChessBase"]
[SourceQuality "1"]

{[%evp 12,17,23,12,11,1,16,14]} 1. e4 c5 2. Nf3 Nc6 3. Bb5 g6 4. O-O Bg7 5. Re1 e5 6. a3 Nge7 7. Nc3 O-O {B31: Sicilian: 2...Nc6 3 Bb5 g6} 8. d3 (8. b4 d6 9. Rb1 Nd4 10. bxc5 dxc5 11. h3 Nxb5 12. Nxb5 b6 13. d3 Nc6 14. a4 Kh8 15. Bb2 {1-0 (46) Najer,E (2663)-Dubov,D (2709) Moscow 2018}) 8... h6 9. Bc4 {Predecessor:} Kh7 $146 10. Nd5 d6 11. c3 f5 12. b4 Nxd5 13. exd5 cxb4 14. dxc6 bxc3 {0-1 (51) Struzka,V (2165)-Repanic,F (2038) ICCF email 2016} 1/2-1/2

[Event "HUN-chT 2018-19"]
[Site "Szombathely"]
[Date "2019.04.28"]
[Round "9.52"]
[White "Nagy, Gabor"]
[Black "Csonka, Balazs"]
[Result "1/2-1/2"]
[WhiteElo "2464"]
[BlackElo "2456"]
[Annotator "TA"]
[PlyCount "41"]
[EventDate "2018.11.16"]
[EventType "team-tourn"]
[EventCountry "HUN"]
[SourceTitle "playchess.com"]
[Source "ChessBase"]
[SourceQuality "1"]

{[%evp 22,23,35,21]} 1. Nf3 d5 2. g3 g6 3. Bg2 Bg7 4. d4 Nf6 5. O-O O-O 6. c4 c6 7. cxd5 cxd5 8. Ne5 Ne4 9. Nc3 Nxc3 10. bxc3 Nc6 11. Nxc6 bxc6 12. Qa4 {Predecessor:} Qb6 $146 13. Ba3 Qa6 14. Qxa6 Bxa6 15. Rfb1 Bxe2 16. Bxe7 Rfb8 17. Bd6 Rd8 18. Bc7 Rdc8 19. Bd6 Rd8 20. Bc7 Rdc8 21. Bd6 {½-½ (21) Dubov,D (2691)-Nepomniachtchi,I (2768) Satka 2018} 1/2-1/2

[Event "HUN-chT 2018-19"]
[Site "Szombathely"]
[Date "2019.04.28"]
[Round "9.53"]
[White "Cabarkapa, Novak"]
[Black "Izsak, Gyula"]
[Result "1/2-1/2"]
[WhiteElo "2432"]
[BlackElo "2425"]
[Annotator "TA"]
[PlyCount "44"]
[EventDate "2018.11.16"]
[EventType "team-tourn"]
[EventCountry "HUN"]
[SourceTitle "playchess.com"]
[Source "ChessBase"]
[SourceQuality "1"]

{[%evp 11,44,6,5,-3,17,-16,4,2,16,0,0,0,0,0,-3,-30,-15,-9,-20,-32,-18,-36,-35,-43,-35,-32,-31,-52,-41,-40,0,-52,-51,-63,-67]} 1. e4 c5 2. Nc3 e6 ({Predecessor:} 2... Nc6 3. f4 e6 4. Nf3 a6 5. d3 d5 6. Qe2 Be7 7. g3 b5 8. Bg2 {1-0 (31) Benoit,M (2240)-Villeneuve,A (2260) Courchevel 1979}) 3. f4 a6 4. g3 b5 5. Bg2 Bb7 6. d3 d5 7. Qe2 {[#] Black must now prevent exd5. B23: Closed Sicilian: Lines without g3} Be7 8. Nf3 Nc6 $146 (8... d4 9. Nd1 Nc6 10. O-O Nf6 11. Nf2 Qb6 12. a4 h6 13. h4 Qc7 14. Bh3 Nd7 15. axb5 axb5 16. Rxa8+ Bxa8 {0-1 (56) Sambuev,B (2524)-Kovalyov,A (2651) Edmonton 2018}) 9. O-O {The position is equal.} Nd4 10. Nxd4 cxd4 11. Nd1 dxe4 12. dxe4 Nf6 13. Bd2 O-O 14. Nf2 Rc8 15. Rac1 Qb6 16. g4 Nd7 17. g5 Rc4 18. Nd3 Rfc8 19. Be1 Qc7 {[%cal Rc4c2]} 20. Rf2 e5 {next ...exf4 is good for Black.} 21. b3 ({White should play} 21. Bd2 $1 $11) 21... Rc6 $15 22. h4 Ba3 {Accuracy: White = 36%, Black = 51%.} 1/2-1/2

[Event "HUN-chT 2018-19"]
[Site "Szombathely"]
[Date "2019.04.28"]
[Round "9.54"]
[White "Szabo, Bence"]
[Black "Farkas, Tibor"]
[Result "1/2-1/2"]
[WhiteElo "2373"]
[BlackElo "2310"]
[Annotator "NA RC"]
[PlyCount "33"]
[EventDate "2018.11.16"]
[EventType "team-tourn"]
[EventCountry "HUN"]
[SourceTitle "playchess.com"]
[Source "ChessBase"]
[SourceQuality "1"]

1. c4 g6 2. g3 Bg7 3. Bg2 c5 4. Nf3 Nc6 5. Nc3 e6 6. d4 Nxd4 7. Nxd4 cxd4 8. Ne4 Qc7 9. Bf4 e5 10. Qxd4 Kf8 11. Qd3 exf4 12. Qa3+ Ne7 13. O-O f5 14. Nd6 Bf6 15. Rfd1 Kg7 16. Qa4 Kf8 17. g4 {fxg3 hxg3} 1/2-1/2

[Event "HUN-chT 2018-19"]
[Site "Szombathely"]
[Date "2019.04.28"]
[Round "9.55"]
[White "Hajnal, Zoltan"]
[Black "Toth, Ervin"]
[Result "1/2-1/2"]
[WhiteElo "2406"]
[BlackElo "2426"]
[Annotator "TA"]
[PlyCount "46"]
[EventDate "2018.11.16"]
[EventType "team-tourn"]
[EventCountry "HUN"]
[SourceTitle "playchess.com"]
[Source "ChessBase"]
[SourceQuality "1"]

{[%evp 21,23,15,48,20]} 1. e4 e6 2. d4 d5 3. Nc3 Bb4 4. e5 c5 5. a3 Bxc3+ 6. bxc3 Ne7 7. Qg4 Qc7 8. Qxg7 Rg8 9. Qxh7 cxd4 10. Ne2 Nbc6 11. f4 Bd7 12. Qd3 {C18: French: 3 Nc3 Bb4: Main line: 7 h4 and 7 Qg4} ({Of course not} 12. cxd4 Nxd4 {[%mdl 64] Discovered Attack} 13. Nxd4 Qc3+ {[%mdl 64] Double Attack} 14. Ke2 Qxa1 $17) {Predecessor:} 12... dxc3 $146 13. Qxc3 O-O-O 14. Rb1 d4 15. Qc4 Nf5 16. g3 Na5 17. Qxc7+ Kxc7 18. Bg2 Bc6 19. Kf2 Nc4 20. Rb4 b5 21. Bxc6 Kxc6 22. a4 a6 23. axb5+ axb5 {1-0 (51) Leko,P (2679)-Pichot,A (2565) Douglas 2017} 1/2-1/2

[Event "HUN-chT 2018-19"]
[Site "Szombathely"]
[Date "2019.04.28"]
[Round "9.56"]
[White "Krizsany, Laszlo"]
[Black "Tatar Kis, Szabolcs"]
[Result "1/2-1/2"]
[WhiteElo "2416"]
[BlackElo "2375"]
[Annotator "TA"]
[PlyCount "42"]
[EventDate "2018.11.16"]
[EventType "team-tourn"]
[EventCountry "HUN"]
[SourceTitle "playchess.com"]
[Source "ChessBase"]
[SourceQuality "1"]

{[%evp 25,29,26,21,-12,-12,-43]} 1. d4 Nf6 2. c4 e6 3. Nf3 d5 4. Nc3 Bb4 5. Bg5 Nbd7 6. cxd5 exd5 7. e3 c5 8. Bd3 Qa5 9. Qc2 c4 10. Bf5 O-O 11. O-O Re8 12. Nd2 g6 13. Bxd7 Nxd7 14. Rfe1 {D38: Queen's Gambit Declined: Ragozin Defence (4 Nf3 Bb4)} (14. h4 b5 15. a4 Bxc3 16. bxc3 b4 17. cxb4 Qxb4 18. Nb1 Qd6 19. Nc3 Qc6 20. Rfb1 Ba6 21. Qd1 f6 {1-0 (54) Kramnik,V (2787)-Mamedyarov,S (2757) Khanty-Mansiysk 2014}) 14... Nb6 15. e4 {Predecessor:} dxe4 $146 16. Ncxe4 Rxe4 17. Qxe4 Qxg5 18. Nf3 Qf6 19. Re2 Be6 20. Ne5 Bd5 21. Qe3 Qe6 {0-1 (35) Grigoriev,S (2106)-Orlov,V (2450) St Petersburg 2006} 1/2-1/2